Tây ban cầm nâng cao
Giới thiệu về cây đàn guitar, các tiết điệu quen thuộc, cách tìm hợp âm và xác định tiết điệu cho bài nhạc, ...
Spremljeno u:
| Glavni autor: | |
|---|---|
| Format: | Knjiga |
| Jezik: | Undetermined |
| Izdano: |
Hà Nội
Thanh niên
2014
|
| Teme: | |
| Oznake: |
Dodaj oznaku
Bez oznaka, Budi prvi tko označuje ovaj zapis!
|
| Thư viện lưu trữ: | Trung tâm Học liệu Trường Đại học Cần Thơ |
|---|
| LEADER | 00764nam a2200217Ia 4500 | ||
|---|---|---|---|
| 001 | CTU_196561 | ||
| 008 | 210402s9999 xx 000 0 und d | ||
| 020 | |c 30000 | ||
| 082 | |a 787.87 | ||
| 082 | |b H107 | ||
| 100 | |a Nguyễn Hạnh | ||
| 245 | 0 | |a Tây ban cầm nâng cao | |
| 245 | 0 | |c Nguyễn Hạnh | |
| 260 | |a Hà Nội | ||
| 260 | |b Thanh niên | ||
| 260 | |c 2014 | ||
| 520 | |a Giới thiệu về cây đàn guitar, các tiết điệu quen thuộc, cách tìm hợp âm và xác định tiết điệu cho bài nhạc, ... | ||
| 650 | |a Guitar,Đàn guitar | ||
| 650 | |x Methods,Self-instruction,Phương pháp,Tự học | ||
| 904 | |i Hải | ||
| 980 | |a Trung tâm Học liệu Trường Đại học Cần Thơ | ||